000 01133cam a22002891 4500
001 sd 40000218
003 DLC
005 20260227112733.0
008 790917s1940 it a 000 0 eng
010 _asd 40000218
035 _a(OCoLC)5378723
040 _aDLC
_cArU
_dMnSU
_dDLC
042 _apremarc
050 0 0 _aHD9000.4
_b.B3
100 1 _aBacon, Lois Bigelow,
_d1904-
245 1 0 _aWorld trade in agricultural products:
_bits growth; its crisis; and the new trade policies,
_cby L. B. Bacon and F. C. Schloemer.
260 _aRome,
_c1940.
300 _axix, 1102 p.
_btables.
_c25 cm.
500 _aAt head of title: International Institute of Agriculture.
500 _aThe plan of the publication was first conceived by Dr. Henry C. Taylor, and carried out under his direction. cf. p.[v]
505 0 _apt.I. Analysis of world trade by commodities. -- pt.II. By countries.
650 0 _aProduce trade.
650 0 _aAgriculture
_vStatistics.
700 1 _aSchloemer, Friedrich C.,
_ejoint author.
700 1 _aTaylor, Henry C.
_q(Henry Charles),
_d1873-1969.
710 2 _aInternational Institute of Agriculture.
999 _c89861
_d89861